000
003180000a22001330004500
041
0
_a
SPA
082
0
4
_a
G 863 A655a
100
1
_a
Apuleyo Mendoza, Plinio (1932-)
245
1
0
_a
Años de fuga / Plinio Apuleyo Mendoza
260
_a
Bogotá, Colombia : Plaza y Janés
300
_a
366 Pag
001
11016
942
_c
BK
999
_c
40389
_d
40389